[Event "SPICE Cup Open 2016"]
[Site "Saint Louis USA"]
[Date "2016.10.18"]
[Round "2.5"]
[White "Rosen, Eric S"]
[Black "Nyzhnyk, Illya"]
[Result "0-1"]
[WhiteTitle "IM"]
[BlackTitle "GM"]
[WhiteElo "2382"]
[BlackElo "2607"]
[WhiteFideId "2032562"]
[BlackFideId "14118084"]
[EventDate "2016.10.17"]
[EventType "swiss"]

1. e4 c5 2. Nc3 a6 3. g3 b5 4. Bg2 Bb7 5. Nge2 b4 6. Na4 e5 7. O-O Nf6 8. d3 Be7
9. f4 Nc6 10. Be3 Qa5 11. c3 Rd8 12. cxb4 Nxb4 13. a3 Nxd3 14. Qxd3 Qxa4 15. Nc3
Qb3 16. fxe5 Ng4 17. Bf4 h5 18. h3 c4 19. Qd4 Rc8 20. Kh1 Bc5 21. Qd2 Bc6 22.
Bf3 Qb6 23. Nd5 Bxd5 24. exd5 Nf2+ 25. Kg2 Nd3 26. Be4 Bd4 27. Bxd3 cxd3 28. Qb4
Rc2+ 29. Kf3 Qa7 30. Rac1 a5 31. Qb3 O-O 32. Rxc2 dxc2 33. Qxc2 Qb7 34. Ke4 Rc8
35. Qd3 f5+ 36. exf6 Bxf6 37. Rf2 Bxb2 38. Rc2 Rxc2 39. Qxc2 Bxa3 40. Be5 d6 41.
Bd4 Qd7 42. Kf3 Qxh3 43. Qg6 Qf1+ 44. Bf2 Qd1+ 45. Kg2 Qxd5+ 46. Kh2 Qf7 47. Qc2
Bb4 48. Bd4 Qe6 49. Qb2 Qg4 50. Qb3+ Kh7 51. Qd3+ Qg6 52. Qb5 Be1 53. Qb3 a4 54.
Qxa4 Bxg3+ 55. Kh1 Qe4+ 56. Kg1 Be5 0-1

[Event "SPICE Cup Open 2016"]
[Site "Saint Louis USA"]
[Date "2016.10.18"]
[Round "2.6"]
[White "Sevian, Samuel"]
[Black "Grabinsky, Aaron"]
[Result "1/2-1/2"]
[WhiteTitle "GM"]
[WhiteElo "2591"]
[BlackElo "2330"]
[WhiteFideId "2040506"]
[BlackFideId "2087090"]
[EventDate "2016.10.17"]
[EventType "swiss"]

1. e4 e6 2. d4 d5 3. Nc3 Nc6 4. e5 Nge7 5. Nf3 Nf5 6. Ne2 f6 7. Ng3 fxe5 8. Nxf5
exf5 9. dxe5 Be7 10. h4 h6 11. Bf4 Be6 12. Bb5 Qd7 13. Nd4 Bc5 14. c3 a6 15.
Bxc6 bxc6 16. Qh5+ Kf8 17. O-O Bb6 18. Rfd1 c5 19. Nxe6+ Qxe6 20. Rd3 c4 21. Rg3
Qf7 22. Qxf7+ Kxf7 23. e6+ Kxe6 24. Re1+ Kf7 25. Re5 g6 26. Be3 Rhe8 27. Rxd5
Rad8 28. Rxd8 Rxd8 29. Rf3 Bxe3 30. fxe3 Rd1+ 31. Kh2 Rd2 32. Rf4 Rxb2 33. Rxc4
Rxa2 34. Rxc7+ Kf6 35. Rc6+ Kg7 36. Kg3 a5 37. Kf3 a4 38. Rc7+ Kf6 39. Rc6+ Kg7
40. Ra6 Rc2 41. Ra7+ Kf6 42. Ra6+ Kg7 43. Rxa4 Rxc3 44. Kf4 Kf6 45. Ra6+ Kg7 46.
Ra4 Kf6 47. Kf3 Rb3 48. g4 fxg4+ 49. Rxg4 g5 50. Ra4 gxh4 51. Rxh4 Kg5 52. Rg4+
Kf5 53. Rf4+ Kg5 54. Rg4+ Kf5 55. Ra4 Rb5 56. Rf4+ Kg5 57. Rg4+ Kf5 58. Rg8 Rb3
59. Rh8 Kg5 60. Ra8 Rb5 61. Rg8+ Kf6 62. Rf8+ Kg5 63. Rg8+ Kf6 64. e4 Rb1 65.
Rf8+ Kg7 66. Ra8 Kf6 67. Ra6+ Kg5 68. Ra5+ Kf6 69. Rf5+ Kg6 70. Ke3 h5 71. Rf8
Kg5 72. e5 h4 73. Kf2 Rb5 1/2-1/2

[Event "SPICE Cup Open 2016"]
[Site "Saint Louis USA"]
[Date "2016.10.18"]
[Round "2.7"]
[White "Betaneli, Alexander"]
[Black "Li, Ruifeng"]
[Result "0-1"]
[WhiteTitle "FM"]
[BlackTitle "IM"]
[WhiteElo "2259"]
[BlackElo "2538"]
[WhiteFideId "2012359"]
[BlackFideId "2061074"]
[EventDate "2016.10.17"]
[EventType "swiss"]

1. c4 b6 2. Nc3 Bb7 3. e4 e6 4. Nge2 g6 5. g3 Bg7 6. Bg2 d6 7. d4 Ne7 8. h4 h6
9. Be3 Nd7 10. g4 a6 11. Ng3 c5 12. d5 Ne5 13. Bf1 exd5 14. exd5 b5 15. cxb5 Qa5
16. Bd2 O-O 17. f4 Nd7 18. g5 Rfe8 19. Be2 axb5 20. Nxb5 Qb6 21. f5 Be5 22. Rh3
Bxg3+ 23. Rxg3 Nxf5 24. Rh3 Qxb5 0-1

[Event "SPICE Cup Open 2016"]
[Site "Saint Louis USA"]
[Date "2016.10.18"]
[Round "2.8"]
[White "Rosenthal, Nicholas"]
[Black "Chandra, Akshat"]
[Result "1/2-1/2"]
[BlackTitle "IM"]
[WhiteElo "2136"]
[BlackElo "2490"]
[WhiteFideId "2045150"]
[BlackFideId "25006711"]
[EventDate "2016.10.17"]
[EventType "swiss"]

1. e4 c5 2. Nf3 e6 3. d3 Nc6 4. g3 d5 5. Nbd2 Bd6 6. Bg2 Nge7 7. O-O O-O 8. Re1
Bc7 9. h4 f6 10. Nb3 b6 11. exd5 exd5 12. c4 Bg4 13. cxd5 Nxd5 14. d4 c4 15.
Nbd2 b5 16. a4 a6 17. Ne4 Ndb4 18. Nc5 Qd5 19. Ne6 Bxe6 20. Ng5 fxg5 21. Bxd5
Bxd5 22. axb5 axb5 23. Rxa8 Rxa8 24. Qg4 Bb6 25. Qd7 Rf8 26. Re8 Bxd4 27. Rxf8+
Kxf8 28. Bxg5 h6 29. Bf4 Bxb2 30. Bd6+ Kg8 31. Qc8+ Kh7 32. Qf5+ Kh8 33. Bxb4
Nxb4 34. Qf8+ Kh7 35. Qxb4 Bf6 36. Qb1+ Kg8 37. Qxb5 Bf7 38. Qf5 h5 39. f3 c3
40. g4 hxg4 41. fxg4 Bb3 42. Qc8+ Kh7 43. Qf5+ Kg8 44. Qc8+ 1/2-1/2

[Event "SPICE Cup Open 2016"]
[Site "Saint Louis USA"]
[Date "2016.10.18"]
[Round "2.9"]
[White "Shimanov, Aleksandr"]
[Black "Voelker, James"]
[Result "1-0"]
[WhiteTitle "GM"]
[WhiteElo "2639"]
[BlackElo "2112"]
[WhiteFideId "4198603"]
[BlackFideId "2018853"]
[EventDate "2016.10.17"]
[EventType "swiss"]

1. e4 e5 2. Nf3 Nc6 3. Bc4 Nf6 4. d3 Bc5 5. c3 O-O 6. O-O d5 7. exd5 Nxd5 8.
Nbd2 Bg4 9. h3 Bh5 10. Ne4 Bb6 11. Re1 Re8 12. Ng3 Bg6 13. d4 e4 14. h4 h6 15.
h5 Bh7 16. Nh2 Qd6 17. Qg4 Nf6 18. Qf4 Rad8 19. a4 a6 20. Nhf1 Ne7 21. Bb3 Ned5
22. Qxd6 cxd6 23. Bd2 a5 24. Ne3 Nxe3 25. Bxe3 d5 26. Bf4 Re7 27. Bd1 Bc7 28.
Bxc7 Rxc7 29. f4 exf3 30. Bxf3 Kf8 31. Ra3 b6 32. Re5 Re7 33. Rb3 Rd6 34. Ne2
Bc2 35. Ra3 Rde6 36. Rxe6 fxe6 37. Kf2 Rc7 38. Nf4 Ke7 39. Ra1 Kd6 40. Be2 e5
41. dxe5+ Kxe5 42. g3 Ne4+ 43. Kg2 Nc5 44. Bb5 Be4+ 45. Kf2 Ne6 46. Nd3+ Kf5 47.
Ke3 Kg5 48. Ne5 Kxh5 49. Rf1 Kg5 50. Nd7 Rb7 51. Rf7 Bg6 52. Re7 Bf5 53. b4 Rc7
54. bxa5 bxa5 55. Kd2 g6 56. Rf7 Nc5 57. Ne5 Ne4+ 58. Ke3 Rxc3+ 59. Kd4 Rxg3 60.
Ra7 h5 61. Rxa5 h4 62. Ra8 h3 63. Rh8 Nf6 64. Be2 Ng4 65. Nf3+ Kf4 66. a5 Rg2
67. Bd1 h2 68. Bb3 Be4 69. Nxh2 Nxh2 70. Rf8+ Kg5 71. a6 Nf3+ 72. Rxf3 Bxf3 73.
a7 Rg4+ 74. Kc5 d4 75. Bd5 d3 76. a8=Q 1-0

[Event "SPICE Cup Open 2016"]
[Site "Saint Louis USA"]
[Date "2016.10.18"]
[Round "2.10"]
[White "Kannappan Priyadharshan"]
[Black "Duran Vega, Sergio"]
[Result "1-0"]
[WhiteTitle "IM"]
[BlackTitle "FM"]
[WhiteElo "2525"]
[BlackElo "2383"]
[WhiteFideId "5018293"]
[BlackFideId "6501311"]
[EventDate "2016.10.17"]
[EventType "swiss"]

1. Nf3 c5 2. c4 Nc6 3. g3 g6 4. Bg2 Bg7 5. O-O e6 6. Nc3 Nge7 7. d4 cxd4 8. Nb5
O-O 9. Nfxd4 d5 10. cxd5 Nxd4 11. Nxd4 Nxd5 12. Nb3 Bd7 13. e4 Nb6 14. Qe2 a6
15. Rd1 Bb5 16. Qe1 Qc7 17. Nd4 Rfd8 18. Bf4 Be5 19. Rac1 Qb8 20. Bxe5 Qxe5 21.
f4 Qf6 22. Qb4 e5 23. Nxb5 axb5 24. Qxb5 Rxa2 25. fxe5 Rxd1+ 26. Rxd1 Qc6 27.
Qxc6 bxc6 28. b3 Ra3 29. Bh3 Kf8 30. e6 fxe6 31. Bxe6 Ke7 32. Bg8 h6 33. Rc1 Kd7
34. Rf1 Ra8 35. Bh7 g5 36. Rf6 Ra1+ 37. Kg2 Rb1 38. Bf5+ Kc7 39. Rf7+ Kd8 40.
Be6 Re1 41. Kf3 Rf1+ 42. Kg4 Rxf7 43. Bxf7 Ke7 44. Bg6 Kf6 45. Kh5 Kg7 46. Bf5
c5 47. Be6 Na8 48. e5 Nc7 49. Bc4 Ne8 50. Kg4 Kg6 51. Bd3+ Kf7 52. Kf5 Ng7+ 53.
Ke4 Ke6 54. Ba6 Kd7 55. Kd5 1-0

[Event "SPICE Cup Open 2016"]
[Site "Saint Louis USA"]
[Date "2016.10.18"]
[Round "2.11"]
[White "Troff, Kayden W"]
[Black "Colas, Joshua"]
[Result "1/2-1/2"]
[WhiteTitle "GM"]
[BlackTitle "FM"]
[WhiteElo "2501"]
[BlackElo "2335"]
[WhiteFideId "2047896"]
[BlackFideId "2044447"]
[EventDate "2016.10.17"]
[EventType "swiss"]

1. d4 Nf6 2. c4 e6 3. Nf3 d5 4. Nc3 c6 5. e3 Nbd7 6. Qc2 Bd6 7. Bd3 dxc4 8. Bxc4
O-O 9. O-O Qe7 10. h3 e5 11. b3 h6 12. Nh4 Qd8 13. Nf5 Nb6 14. Rd1 Bxf5 15. Qxf5
exd4 16. exd4 Bb4 17. Ne2 Nxc4 18. bxc4 Re8 19. Qf3 Ne4 20. Be3 Bd6 21. Rab1 Rb8
22. Rb3 Qa5 23. c5 Bc7 24. a3 b6 25. Bf4 Bxf4 26. Qxf4 Rbc8 27. Ng3 Nxg3 28.
Rxg3 Re1+ 29. Kh2 Re6 30. d5 cxd5 31. Rxd5 bxc5 32. Rd7 Rf8 33. Qc7 Qxc7 34.
Rxc7 a6 1/2-1/2

[Event "SPICE Cup Open 2016"]
[Site "Saint Louis USA"]
[Date "2016.10.18"]
[Round "2.12"]
[White "Cervantes Landeiro, Thalia"]
[Black "Leon Hoyos, Manuel"]
[Result "0-1"]
[WhiteTitle "WCM"]
[BlackTitle "GM"]
[WhiteElo "1910"]
[BlackElo "2488"]
[WhiteFideId "3520498"]
[BlackFideId "5105269"]
[EventDate "2016.10.17"]
[EventType "swiss"]

1. d4 Nf6 2. c4 c5 3. d5 b5 4. cxb5 a6 5. bxa6 g6 6. Nc3 Bxa6 7. Nf3 Bg7 8. g3
d6 9. Bg2 Nbd7 10. O-O Nb6 11. Rb1 Bc4 12. Nd2 Bxa2 13. Nxa2 Rxa2 14. Qb3 Ra4
15. Qb5+ Nfd7 16. b4 cxb4 17. Rxb4 Ra8 18. Bb2 Bxb2 19. Rxb2 O-O 20. Qd3 Ra4 21.
Rfb1 Nc5 22. Qb5 Nbd7 23. Nb3 Qa8 24. Nxc5 Nxc5 25. Bf3 Ra3 26. Qc6 Qa7 27. Qb6
Qd7 28. Qb5 Qf5 29. Qb4 Raa8 30. Qd4 h5 31. h4 Ra4 32. Qe3 Qf6 33. Qh6 Raa8 34.
Rb4 Nd3 35. R4b3 Nc5 36. Rb4 Nd3 37. R4b3 Ne5 38. Kg2 Rfc8 39. Qg5 Kg7 40. Rb7
Rc3 41. Qxf6+ Kxf6 42. R1b3 Rcc8 43. R3b4 Rc4 44. Rxc4 Nxc4 45. Rb4 Ne5 46. Rb5
Ra2 47. Rb4 Rd2 48. Rb5 Rd1 49. Ra5 Nd7 50. Rb5 Rc1 51. Rb7 Ne5 52. Rb4 Rc3 53.
Rf4+ Kg7 54. Re4 Kf8 55. Rd4 Rc2 56. Rd1 Rc5 57. Rd2 Ke8 58. e4 Kf8 59. Ra2 Kg7
60. Ra7 Rc2 61. Ra3 Kf6 62. Rb3 Rd2 63. Ra3 Nd3 64. Be2 Rxe2 65. Rxd3 Rxe4 66.
Kf3 Ke5 67. Ra3 Re1 68. Rd3 Re4 69. Ra3 Rd4 70. Ra7 Kf6 71. Ra5 Kf5 72. Ke3 Re4+
73. Kf3 Re5 74. Kg2 Kf6 75. f4 Rf5 76. Kf3 e6 77. Ra7 Rxd5 78. Rd7 Rd3+ 79. Kf2
Rd5 80. Ke3 e5 81. fxe5+ Rxe5+ 82. Kd4 Ke6 83. Ra7 Re1 84. Ra3 f6 85. Ra8 Kf5
86. Ra3 Kg4 87. Kd5 Rg1 88. Ke6 f5 89. Kxd6 Rxg3 0-1

[Event "SPICE Cup Open 2016"]
[Site "Saint Louis USA"]
[Date "2016.10.18"]
[Round "2.13"]
[White "Durarbayli, Vasif"]
[Black "Rahul, Srivatshav P"]
[Result "1-0"]
[WhiteTitle "GM"]
[WhiteElo "2608"]
[BlackElo "2277"]
[WhiteFideId "13402935"]
[BlackFideId "25059653"]
[EventDate "2016.10.17"]
[EventType "swiss"]

1. d4 Nf6 2. c4 e6 3. Nf3 b6 4. g3 Ba6 5. Qb3 d5 6. cxd5 exd5 7. Nc3 Be7 8. Bg2
O-O 9. Ne5 c6 10. O-O Nfd7 11. f4 Nf6 12. g4 Bb7 13. g5 Nfd7 14. h4 Na6 15. Be3
Nc7 16. Rad1 f6 17. Ng4 Kh8 18. Bf2 Ne8 19. e4 dxe4 20. d5 cxd5 21. Nxd5 Nc5 22.
Nxe7 Qxe7 23. Qa3 fxg5 24. Bxc5 bxc5 25. hxg5 Nc7 26. Ne5 Nd5 27. Qg3 Rad8 28.
Qh2 Kg8 29. Bxe4 g6 30. Rde1 Qg7 31. Rf2 Rfe8 32. Qg3 Nb6 33. Kh2 Bxe4 34. Rxe4
Qb7 35. Rfe2 Nd7 36. Nxd7 Qxd7 37. Qb3+ Kf8 38. Qc3 Kg8 39. Qc4+ Kg7 40. Rxe8
Rxe8 41. Rxe8 Qxe8 42. Qxc5 Qe2+ 43. Kg3 Qd3+ 44. Kh4 Qd2 45. Qc3+ 1-0

[Event "SPICE Cup Open 2016"]
[Site "Saint Louis USA"]
[Date "2016.10.18"]
[Round "2.14"]
[White "Gurevich, Daniel"]
[Black "Williams, Justus D"]
[Result "1-0"]
[WhiteTitle "IM"]
[BlackTitle "FM"]
[WhiteElo "2488"]
[BlackElo "2313"]
[WhiteFideId "2044676"]
[BlackFideId "2049929"]
[EventDate "2016.10.17"]
[EventType "swiss"]

1. c4 c5 2. Nf3 g6 3. d4 cxd4 4. Nxd4 Bg7 5. e4 Nc6 6. Be3 Nf6 7. Nc3 Ng4 8.
Qxg4 Nxd4 9. Qd1 Nc6 10. Rc1 O-O 11. Be2 d6 12. O-O Be6 13. Qd2 Qa5 14. f4 f5
15. exf5 Bxf5 16. Bf3 Kh8 17. Rfd1 Rac8 18. b3 a6 19. Nd5 Qxd2 20. Rxd2 Bh6 21.
Re1 Bg7 22. c5 Rfe8 23. cxd6 exd6 24. Red1 Be4 25. Bg4 Rb8 26. Bb6 Bxd5 27. Rxd5
Nb4 28. R5d2 h5 29. Bd7 Re7 30. Bc7 Ra8 31. Bxd6 Rxd7 32. Bxb4 Rxd2 33. Rxd2 Re8
34. Kf1 Bf8 35. Bxf8 Rxf8 36. g3 Rf7 37. Ke2 Kg7 38. Rd6 h4 39. Rb6 hxg3 40.
hxg3 Kh6 41. Kf3 Kg7 42. Ke4 Kh6 43. a4 Re7+ 44. Kf3 Kg7 45. b4 Kf7 46. a5 Kg7
47. g4 Kf7 48. Kg3 Rd7 49. Kh4 Kg7 50. Kg5 Rd5+ 51. f5 gxf5 52. Rxb7+ Kf8 53.
gxf5 Rd4 54. b5 1-0

[Event "SPICE Cup Open 2016"]
[Site "Saint Louis USA"]
[Date "2016.10.18"]
[Round "2.15"]
[White "Niemann, Hans M"]
[Black "Kiewra, Keaton F"]
[Result "1/2-1/2"]
[WhiteTitle "FM"]
[BlackTitle "IM"]
[WhiteElo "2288"]
[BlackElo "2454"]
[WhiteFideId "2093596"]
[BlackFideId "2019280"]
[EventDate "2016.10.17"]
[EventType "swiss"]

1. d4 Nf6 2. c4 c5 3. d5 e6 4. Nc3 exd5 5. cxd5 d6 6. Nf3 g6 7. Bf4 a6 8. a4 Bg7
9. h3 O-O 10. e3 Ne8 11. Be2 Nd7 12. O-O b6 13. Ra3 Qe7 14. Re1 f5 15. Nd2 Ne5
16. Rb3 Rb8 17. Bh2 g5 18. f4 Ng6 19. Nc4 gxf4 20. Rxb6 Rxb6 21. Nxb6 Bb7 22.
exf4 Qe3+ 23. Kh1 Bxc3 24. bxc3 Qxc3 25. Bf3 Nf6 26. Re6 Qb2 27. a5 Nh4 28. Bg3
Nxf3 29. gxf3 Nh5 30. Qg1 Nxg3+ 31. Qxg3+ Kh8 32. Qh4 Qd4 33. Qh6 Qd1+ 34. Kh2
Qd2+ 35. Kh1 1/2-1/2

[Event "SPICE Cup Open 2016"]
[Site "Saint Louis USA"]
[Date "2016.10.18"]
[Round "2.16"]
[White "Sukandar, Irine Kharisma"]
[Black "Santarius, Erik F"]
[Result "1/2-1/2"]
[WhiteTitle "IM"]
[WhiteElo "2432"]
[BlackElo "2289"]
[WhiteFideId "7101937"]
[BlackFideId "2025817"]
[EventDate "2016.10.17"]
[EventType "swiss"]

1. d4 d5 2. Nf3 Nf6 3. Bf4 e6 4. e3 Be7 5. h3 O-O 6. Nbd2 b6 7. Bd3 Bb7 8. c3 c5
9. Qe2 Ne4 10. Rd1 Nd7 11. O-O a6 12. Bb1 Nxd2 13. Rxd2 Re8 14. Rfd1 Nf8 15. Bg3
Bd6 16. Bxd6 Qxd6 17. e4 dxe4 18. Bxe4 Bxe4 19. Qxe4 c4 20. a4 b5 21. Ne5 f6 22.
Qc6 Red8 23. Qxd6 Rxd6 24. Ng4 Nd7 25. d5 e5 26. Ne3 Nc5 27. axb5 axb5 28. Nf5
Rd7 29. d6 Nd3 30. b3 Ra3 31. bxc4 bxc4 32. Rc2 e4 33. Re2 g6 34. Ne7+ Kf7 35.
Nc8 f5 36. Nb6 Rd8 37. Rc2 Ra6 38. Nxc4 Rc6 39. Na5 Ra6 40. Nc4 Rc6 41. Na5 Ra6
42. Nc4 1/2-1/2

[Event "SPICE Cup Open 2016"]
[Site "Saint Louis USA"]
[Date "2016.10.18"]
[Round "2.17"]
[White "Banawa, Joel Cholo B."]
[Black "Adamson, Robby"]
[Result "1-0"]
[WhiteTitle "FM"]
[BlackTitle "FM"]
[WhiteElo "2363"]
[BlackElo "2247"]
[WhiteFideId "2024055"]
[BlackFideId "2009730"]
[EventDate "2016.10.17"]
[EventType "swiss"]

1. e4 c6 2. d4 d5 3. e5 Bf5 4. h4 h5 5. Bd3 Bxd3 6. Qxd3 e6 7. Bg5 Qb6 8. Nd2
Qa6 9. c4 Bb4 10. b3 Ne7 11. Nf3 Nd7 12. O-O Nf5 13. Qc2 O-O 14. a3 Bxd2 15.
Bxd2 dxc4 16. bxc4 Nb6 17. Rfc1 Rfd8 18. Be3 Rac8 19. a4 c5 20. d5 Nxe3 21. fxe3
exd5 22. Ng5 g6 23. Nxf7 Kg7 24. Nxd8 Rxd8 25. Rf1 Qxc4 26. Qf2 Kh6 27. Qf6 Re8
28. Qg5+ Kg7 29. Rf6 Qe4 30. Raf1 Nc4 31. Rf7+ Kg8 32. Qf6 Qxe3+ 33. Kh1 Qh6 34.
e6 Ne3 35. Rxb7 Rf8 36. e7 Rxf6 37. Rxf6 1-0

[Event "SPICE Cup Open 2016"]
[Site "Saint Louis USA"]
[Date "2016.10.18"]
[Round "2.18"]
[White "Gosdin, Kaleb Ryder"]
[Black "Neimer, Vitaly"]
[Result "0-1"]
[BlackTitle "IM"]
[WhiteElo "1953"]
[BlackElo "2346"]
[WhiteFideId "30920442"]
[BlackFideId "2807017"]
[EventDate "2016.10.17"]
[EventType "swiss"]

1. d4 Nf6 2. c4 e6 3. Nc3 Bb4 4. Bg5 c5 5. d5 Bxc3+ 6. bxc3 d6 7. e3 e5 8. Bd3
Qe7 9. Ne2 Nbd7 10. O-O h6 11. Bh4 g5 12. Bg3 h5 13. f4 gxf4 14. exf4 e4 15. Re1
h4 16. Bf2 Kd8 17. Nc1 Nf8 18. Nb3 Bf5 19. Rb1 Qc7 20. Bf1 Ng6 21. Be3 b6 22.
Kh1 Qd7 23. a4 Qxa4 24. Ra1 Qd7 25. Ra6 Qb7 26. Qa1 Bc8 27. Ra2 Bf5 28. Ra6 Ne7
29. Rb1 Bc8 30. Ra2 Qc7 31. Nd4 cxd4 32. Bxd4 Rh6 33. Bxb6 axb6 34. Rxa8 Ng4 35.
Qb2 Ne3 36. Kg1 Rg6 37. Qxb6 Qxb6 38. Rxb6 Nxg2 39. Bxg2 h3 40. Rxd6+ Rxd6 41.
Bxh3 Kc7 42. Bxc8 Nxc8 43. Kf2 f5 44. Ra5 Rh6 45. Ke3 Rxh2 46. Kd4 Rd2+ 47. Ke5
e3 48. Ra1 e2 49. Re1 Nd6 50. c5 Ne4 51. Kxf5 Nxc5 0-1

[Event "SPICE Cup Open 2016"]
[Site "Saint Louis USA"]
[Date "2016.10.18"]
[Round "3.2"]
[White "Xiong, Jeffery"]
[Black "Nyzhnyk, Illya"]
[Result "1/2-1/2"]
[WhiteTitle "GM"]
[BlackTitle "GM"]
[WhiteElo "2647"]
[BlackElo "2607"]
[WhiteFideId "2047640"]
[BlackFideId "14118084"]
[EventDate "2016.10.17"]
[EventType "swiss"]

1. e4 e6 2. d4 d5 3. Nd2 c5 4. exd5 exd5 5. Ngf3 Nf6 6. Bb5+ Bd7 7. Bxd7+ Nbxd7
8. O-O Be7 9. dxc5 Nxc5 10. Re1 O-O 11. Nf1 Re8 12. Be3 Qd7 13. c3 Ne6 14. Qc2
b5 15. a3 Rac8 16. Ng3 a5 17. h3 b4 18. axb4 axb4 19. Ra7 Rc7 20. Rxc7 Qxc7 21.
Ra1 bxc3 22. bxc3 Bc5 23. Nf5 Bxe3 24. Nxe3 Rc8 1/2-1/2

[Event "SPICE Cup Open 2016"]
[Site "Saint Louis USA"]
[Date "2016.10.18"]
[Round "3.3"]
[White "Li, Ruifeng"]
[Black "Sevian, Samuel"]
[Result "1/2-1/2"]
[WhiteTitle "IM"]
[BlackTitle "GM"]
[WhiteElo "2538"]
[BlackElo "2591"]
[WhiteFideId "2061074"]
[BlackFideId "2040506"]
[EventDate "2016.10.17"]
[EventType "swiss"]

1. e4 e5 2. Nf3 Nc6 3. Bc4 Bc5 4. c3 Nf6 5. d3 O-O 6. Nbd2 d6 7. Bb3 a6 8. h3 h6
9. Nf1 Be6 10. Ng3 d5 11. Qe2 Re8 12. Nh4 Ba7 13. Qf3 Na5 14. Ngf5 Nxb3 15. axb3
Nh7 16. O-O Ng5 17. Qg4 dxe4 18. dxe4 Kh7 19. Rd1 Qf6 20. Bxg5 Qxg5 21. Qxg5
hxg5 22. Nf3 f6 23. b4 g6 24. Ne3 c6 25. Kf1 Bxe3 26. fxe3 Rad8 27. Ke1 Kg7 28.
Rxd8 Rxd8 29. Nd2 g4 30. hxg4 Bxg4 31. Nf3 Bxf3 32. gxf3 Rh8 33. Rd1 Rh1+ 34.
Kd2 Rxd1+ 35. Kxd1 Kh6 36. Ke2 Kh5 37. Kf2 Kh4 38. Kg2 b5 39. Kh2 g5 40. Kg2 g4
41. fxg4 Kxg4 42. Kf2 Kh3 43. Kf3 Kh4 44. Kg2 Kg4 45. Kf2 Kh5 46. Kg3 Kg5 47.
Kf3 Kh4 48. Kf2 Kg4 49. Kg2 Kg5 50. Kf3 Kh5 1/2-1/2

[Event "SPICE Cup Open 2016"]
[Site "Saint Louis USA"]
[Date "2016.10.18"]
[Round "3.4"]
[White "Le, Quang Liem"]
[Black "Rosenthal, Nicholas"]
[Result "1-0"]
[WhiteTitle "GM"]
[WhiteElo "2723"]
[BlackElo "2136"]
[WhiteFideId "12401137"]
[BlackFideId "2045150"]
[EventDate "2016.10.17"]
[EventType "swiss"]

1. Nf3 e6 2. g3 b6 3. Bg2 Bb7 4. O-O d6 5. c4 g6 6. Nc3 Bg7 7. d4 Ne7 8. e4 O-O
9. Be3 h6 10. Qd2 Kh7 11. Rad1 Nd7 12. Qc2 Qc8 13. Nh4 g5 14. Nf3 Kh8 15. h4 g4
16. Ne1 e5 17. f4 gxf3 18. Nxf3 exd4 19. Nxd4 Ne5 20. Nd5 Bxd5 21. cxd5 Ng4 22.
Bc1 Bxd4+ 23. Rxd4 Ng6 24. Rc4 c5 25. dxc6 N6e5 26. Rc3 Qe6 27. a4 a6 28. Qe2
Rg8 29. Bh3 Rac8 30. c7 Qe7 31. Rf4 f5 32. exf5 Nf6 33. Qc2 Qf7 34. Bg2 Rg7 35.
Rd4 Nfg4 36. Rxd6 Rxc7 37. Rd8+ 1-0

[Event "SPICE Cup Open 2016"]
[Site "Saint Louis USA"]
[Date "2016.10.18"]
[Round "3.5"]
[White "Grabinsky, Aaron"]
[Black "Shimanov, Aleksandr"]
[Result "0-1"]
[BlackTitle "GM"]
[WhiteElo "2330"]
[BlackElo "2639"]
[WhiteFideId "2087090"]
[BlackFideId "4198603"]
[EventDate "2016.10.17"]
[EventType "swiss"]

1. d4 d5 2. Bf4 c5 3. e3 Nc6 4. c3 Nf6 5. Bd3 Qb6 6. Qc1 Bg4 7. Nd2 e6 8. h3 Bh5
9. Ngf3 Be7 10. O-O Rc8 11. Ne5 Nxe5 12. Bxe5 O-O 13. Re1 Nd7 14. Bg3 f5 15. Qc2
a6 16. Qa4 Nf6 17. Qb3 Qa7 18. dxc5 Nd7 19. Be2 Nxc5 20. Qd1 Bxe2 21. Qxe2 b5
22. Kh1 Qd7 23. Rad1 Na4 24. Nf3 Nb6 25. Nd2 Qb7 26. Rc1 Bf6 27. Nf3 Nd7 28. Qd3
g6 29. Red1 Rfe8 30. Kg1 Nc5 31. Qe2 e5 32. Qd2 Rcd8 33. Qc2 Qc8 34. b3 Qc6 35.
Bh2 Qe6 36. Ne1 e4 37. Qe2 Rc8 38. Rc2 Red8 39. Bg3 Nd7 40. Rdc1 Nb6 41. a4 bxa4
42. Qxa6 axb3 43. Rb2 d4 44. exd4 Bxd4 45. Qb5 Bc5 46. Qxb3 Nc4 47. Re2 Qd5 48.
Nc2 g5 49. Nb4 Qf7 50. Na6 Ba7 51. Bc7 Rxc7 52. Nxc7 Qxc7 53. Rd1 Rd3 54. Ra2
Kg7 55. Rda1 Bb6 56. Ra4 Nd2 57. Qe6 Nf3+ 58. Kf1 Qc5 59. R4a2 Nd2+ 60. Kg1
Qxf2+ 61. Kh1 Rxh3+ 62. gxh3 Qf3+ 63. Kh2 Bc7+ 0-1

[Event "SPICE Cup Open 2016"]
[Site "Saint Louis USA"]
[Date "2016.10.18"]
[Round "3.6"]
[White "Chandra, Akshat"]
[Black "Troff, Kayden W"]
[Result "1-0"]
[WhiteTitle "IM"]
[BlackTitle "GM"]
[WhiteElo "2490"]
[BlackElo "2501"]
[WhiteFideId "25006711"]
[BlackFideId "2047896"]
[EventDate "2016.10.17"]
[EventType "swiss"]

1. d4 Nf6 2. c4 g6 3. Nf3 Bg7 4. e3 O-O 5. Be2 c5 6. d5 b5 7. cxb5 a6 8. O-O
axb5 9. Bxb5 Qb6 10. Be2 Ba6 11. Nc3 d6 12. e4 Nbd7 13. Re1 Rfb8 14. Bxa6 Qxa6
15. e5 dxe5 16. Nxe5 Nxe5 17. Rxe5 Rb4 18. Rxe7 Qd6 19. Re2 h6 20. g3 Rd8 21. a3
Rd4 22. Qf1 Qd7 23. Be3 Ng4 24. Rd1 Rxd1 25. Qxd1 Ne5 26. Kg2 Qf5 27. Bxc5 Nd3
28. Be7 Rb8 29. Bb4 Rd8 30. Rd2 Ne5 31. Qe2 Re8 32. f4 h5 33. fxe5 h4 34. g4 h3+
35. Kxh3 Qf4 36. Qf2 Qh6+ 37. Kg2 Bxe5 38. h4 f5 39. d6 fxg4 40. d7 Rd8 41. Be7
g3 42. Qe2 g5 43. Qxe5 1-0

[Event "SPICE Cup Open 2016"]
[Site "Saint Louis USA"]
[Date "2016.10.18"]
[Round "3.8"]
[White "Colas, Joshua"]
[Black "Gurevich, Daniel"]
[Result "1/2-1/2"]
[WhiteTitle "FM"]
[BlackTitle "IM"]
[WhiteElo "2335"]
[BlackElo "2488"]
[WhiteFideId "2044447"]
[BlackFideId "2044676"]
[EventDate "2016.10.17"]
[EventType "swiss"]

1. Nf3 Nf6 2. g3 b6 3. Bg2 Bb7 4. c4 e6 5. O-O Be7 6. d4 O-O 7. Nc3 Ne4 8. Qc2
Nxc3 9. Qxc3 Bf6 10. Qc2 c5 11. dxc5 Nc6 12. cxb6 axb6 13. Bd2 d5 14. cxd5 Qxd5
15. e4 Qb5 16. Bc3 Bxc3 17. Qxc3 Rfd8 18. Rfc1 Rd3 19. Bf1 Rxc3 20. Bxb5 Rxc1+
21. Rxc1 Nb4 22. a3 Bxe4 23. Nd2 Bd3 24. Nc4 Bxc4 25. Bxc4 Nd5 26. Bxd5 exd5 27.
Rc6 Rb8 28. Rd6 Kf8 29. Rxd5 b5 30. Rd4 Rc8 31. Kg2 Ke7 32. Kf3 Ke6 33. Ke3 h5
34. h4 f6 35. f3 g5 36. hxg5 fxg5 37. f4 Rc5 38. fxg5 Rxg5 39. Kf3 Rc5 40. Rb4
Rd5 41. Kg2 Kf6 42. Kh3 Kg5 43. b3 Re5 44. Rd4 Rc5 45. Rd1 Re5 46. a4 bxa4 47.
bxa4 Ra5 48. Ra1 Kf5 49. Ra3 Kg5 50. Kg2 h4 51. gxh4+ Kxh4 52. Kf3 Kg5 53. Ke4
Kf6 54. Kd4 Ke6 55. Kc4 Kd7 56. Kb4 Ra8 57. a5 Kc6 58. Rh3 Rb8+ 59. Ka4 1/2-1/2